| 000 | 00717nam a2200229 a 4500 | ||
|---|---|---|---|
| 001 | BRCA_6717 | ||
| 005 | 20190320205550.0 | ||
| 008 | 191011s1892----enka######---#000-0#eng-# | ||
| 041 | _aeng | ||
| 044 | _aenk | ||
| 050 | 4 |
_aGV200 _b.D45 _c1892 |
|
| 245 | 1 | 0 |
_aMountaineering _cby C. T. Dent |
| 260 |
_aLondres _bLongmans, Green & Co. _c1892 |
||
| 300 |
_axx, 434 p. _bil., 16 láminas _c20 cm. |
||
| 440 | 0 |
_aBadminton library of sport and pastimes _916778 |
|
| 500 | _aIncluye lista de ilustraciones e índice alfabético | ||
| 500 | _aEstado físico: cubierta anterior desgastada, páginas intonsas y algunas hojas mutiladas | ||
| 500 | _aI95 | ||
| 650 | 1 | 4 |
_aAlpinismo _916779 |
| 902 | _aGFM | ||
| 942 |
_2lcc _cB |
||
| 999 |
_c6400 _d6400 |
||